000 00262nam a22000857a 4500
008 170603b xxu||||| |||| 00| 0 eng d
100 _93256
_aLucas. F. L
245 _aTRAGEDY: Serious Drama in relation to Aristotle poetics
260 _aNew Delhi
_bCapital Creation
_c2003
999 _c6570
_d6570